| 000 | 00632nam a22002057a 4500 | ||
|---|---|---|---|
| 999 |
_c8867 _d8867 |
||
| 003 | AR-CdUCM | ||
| 008 | 190326b ||||| |||| 00| 0 spa d | ||
| 040 |
_aMUNICIPALIDAD PROVINCIAL DEL CUSCO _cBIBLIOTECA MUNICIPAL DEL CUSCO |
||
| 082 |
_a869.56 / _bH82 |
||
| 100 |
_aCbrera Huamán, Félix _924672 |
||
| 245 | _aValle de Retamas / | ||
| 260 |
_aPerú : _bEdiciones Retama , _c1977. |
||
| 300 |
_a47 páginas ; _c16.5 cm. |
||
| 500 | _aContiene dediactoria a Luis Nieto... | ||
| 650 |
_aPoesia Peruana _9280 |
||
| 650 |
_aPoesia Latinoamericana _92147 |
||
| 650 |
_aPoesia Limeña _917928 |
||
| 942 |
_2ddc _cLIBROS |
||
| 945 | _artm | ||